El investigador y método de investigación

Este libro presenta de manera práctica y sencilla los pasos que se deben seguir para desarrollar una investigación enfocada al área educativa.

Saved in:
Bibliografiske detaljer
Hovedforfatter: Rojas Rodríguez, Ricardo
Format: Bog
Sprog:Spanish
Udgivet: Bogotá: Ediciones IPAG, 1996
Fag:
Online adgang:Enlace del recurso
Tags: Tilføj Tag
Ingen Tags, Vær først til at tagge denne postø!

MARC

LEADER 00000nam a2200000 a 4500
001 000778
008 030404s1996 ck a fr# #000|0#spa#d
041 0 |a spa 
043 |a s-ck--- 
082 0 4 |a 370.7  |b R541i 
100 1 |a Rojas Rodríguez, Ricardo 
245 1 3 |a El investigador y método de investigación   |c Ricardo Rojas Rodríguez 
260 |a Bogotá:  |b Ediciones IPAG,  |c 1996 
300 |a 100 p. 
520 3 |a Este libro presenta de manera práctica y sencilla los pasos que se deben seguir para desarrollar una investigación enfocada al área educativa. 
650 1 4 |a INVESTIGACIÓN EDUCATIVA  |z COLOMBIA 
650 1 4 |a METODOLOGÍA CIENTÍFICA 
999 |c 2930  |d 2930 
856 |u https://catalogo.idep.edu.co/cgi-bin/koha/opac-detail.pl?biblionumber=2930  |z Enlace del recurso